00511nam a22001937a 450000500170000001000110001702000100002803500110003803700160004904000120006508200110007710000290008824500880011726000280020527000110023330000210024465000290026565000230029420170124110125.0 a816714 c00.00 a816714 bCen Lib/Ret aDPLbEN aNbJOH aJohnson, Pamela Hansford aTight and silence who is here? :cby Pamela Hansford Johnsonban amierican comedy / bMacmillanaLondonc1963 bLondon a246p. c18cm(Hb) aShort stories -- fiction aFiction in English